LIBRARY & INFORMATION CENTRE, KCAET, TAVANUR

ONLINE PUBLIC ACCESS CATALOGUE (OPAC)

Robert Southey and his age: The development of a conservative mind / (Record no. 3952)

MARC details
000 -LEADER
fixed length control field 00417cam a2200145ua 4500
041 ## - LANGUAGE CODE
Language code of text/sound track or separate title eng
082 ## - DEWEY DECIMAL CLASSIFICATION NUMBER
Classification number 824
Item number CAR/RO
100 ## - MAIN ENTRY--AUTHOR NAME
Personal name Carnall, Geoffrey .
245 ## - TITLE STATEMENT
Title Robert Southey and his age: The development of a conservative mind /
260 ## - PUBLICATION, DISTRIBUTION, ETC. (IMPRINT)
Place of publication London :
Name of publisher Oxford at the Clarendon Press ,
Year of publication 1960.
300 ## - PHYSICAL DESCRIPTION
Number of Pages 233 ; .
942 ## - ADDED ENTRY ELEMENTS (KOHA)
Koha item type Books
Holdings
Withdrawn status Lost status Damaged status Home library Current library Date acquired Cost, normal purchase price Full call number Accession Number Koha item type Public note
Withdrawn     KAUAET Sanskrit University 07/04/2012 30.00 824 6674 Books Transferred to Sanskrit University
free website counter